Keynote: Advanced. Workbook

Guardat en:
Dades bibliogràfiques
Autors principals: Mulanovic, Paula (Autor), Millin, Sandy (Autor), Harrison, Mike (Autor)
Format: Llibre
Idioma:anglès
Publicat: Hampshire National Geographic Learning 2016
Edició:1a. ed
Matèries:
Etiquetes: Afegir etiqueta
Sense etiquetes, Sigues el primer a etiquetar aquest registre!

MARC

LEADER 00000cam a2200000 a 4500
001 UCD8113
003 CL-VaPUC
008 170428e20160000uk |||||||||||||||||eng|d
020 |a 9781305578340 
082 0 4 |a 428  |b MUL  |2 21 
100 0 |a Mulanovic, Paula  |e author  |9 591961 
700 0 |a Millin, Sandy  |e author  |9 591962 
700 0 |a Harrison, Mike  |e author  |9 591963 
245 1 0 |a Keynote: Advanced. Workbook 
250 |a 1a. ed 
300 |a 151 p 
942 |c BK 
945 |d 20170428 01:26:00  |a dcastane 
260 |a Hampshire  |b National Geographic Learning  |c 2016 
500 |a Incluye 2 cd con audio 
650 0 |a Enseñanza del inglés  |9 367340 
650 0 |a Métodos de enseñanza  |9 270413 
650 0 |a Educación lingüística  |9 306506 
650 0 |a Lengua inglesa  |9 318842 
583 |a last modification  |c 20170428 01:26:00  |k Rodrigo Vera 
999 |c 367853  |d 367851 
952 |0 0  |1 0  |3 erb  |4 0  |6 428_000000000000000_MUL_2016  |7 0  |8 ?  |9 482988  |a FDOILP  |b FDOILP  |i 5374286  |o 428 MUL 2016  |p 5374286  |r 2019-11-24  |w 2019-11-24  |y BK  |z Catalogado en:20170428  |k ILP 
952 |0 0  |1 0  |3 erb  |4 0  |6 428_000000000000000_MUL_2016  |7 0  |8 A  |9 482989  |a BIBEDU  |b BIBEDU  |i 5424585  |l 1  |o 428 MUL 2016  |p 5424585  |r 2024-09-10  |s 2024-09-10  |w 2019-11-24  |y BK  |z Catalogado en:20170922  |k LIT